000 00837nam a22002295i 4500
001 176422
003 ES-MaACL
005 20230906220058.0
008 110113s1967 sp b |||| | spa d
080 _a27-247.4
100 0 _aSchmid, Josef.
_9144755
245 1 3 _aEl Evangelio según San Mateo /
_cJosef Schmid ; [versión castellana de Mercedes González-Haba].
260 _aBarcelona :
_bHerder,
_c1967.
300 _a571, [2] p. de mapas ;
_c22 cm.
490 1 _aBiblioteca Herder. Sección de Sagrada Escritura ;
_v92
500 _aÍndice.
630 0 4 _aBiblia.
_pN.T.
_pEvangelio según Mateo-
_vComentarios.
_9144757
700 1 _aGonzález-Haba, Mercedes.
_9144756
830 0 _aBiblioteca Herder. Sección de Sagrada Escritura ;
_v92
_9186862
852 _aES-MaACL
_jE-14052
_xOlim P-1228
999 _c176422
_d176422